|
|
|
|
| LEADER |
00000cam a2200000 a 4500 |
| 001 |
vtls010293862 |
| 003 |
SK-MaSNL |
| 005 |
20260331205526.0 |
| 008 |
251120s2011 xo a j f000 0 slo |
| 013 |
|
|
|a 287724
|b SK
|c patent
|d 20110706
|e dátum nadobudnutia účinkov patentu (Vestník ÚPV SR č.: 7/2011)
|d 20110622
|e dátum sprístupnenia patentu
|
| 013 |
|
|
|a 446-2003
|e číslo prihlášky
|d 20010908
|e dátum podania prihlášky
|d 20030911
|e dátum zverejnenia prihlášky (Vestník ÚPV SR č.: 9/2003)
|
| 013 |
|
|
|a 100 50 993.2
|e číslo prioritnej prihlášky
|d 20001014
|e dátum podania prioritnej prihlášky
|b DE
|e kód krajiny prioritnej prihlášky
|
| 015 |
|
|
|a SNBN2013
|
| 040 |
|
|
|a SNK
|b slo
|c SNK
|e AACR2
|
| 041 |
0 |
|
|a slo
|
| 044 |
|
|
|a xo
|c SK
|
| 072 |
|
7 |
|a 621.3
|x Elektrotechnika
|2 konspekt
|
| 080 |
|
|
|a 621.311.245
|2 2001
|
| 084 |
|
|
|a H02J 13/00
|2 IPC
|
| 084 |
|
|
|a G05B 23/02
|2 IPC
|
| 100 |
1 |
|
|a Wobben, Aloys
|4 org
|4 pth
|9 323081
|
| 245 |
1 |
0 |
|a Spôsob spracovania a znázornenia činnosti množiny veterných elektrární
|c Aloys Wobben ; patent. zást. Rott, Růžička & Guttmann Bratislava
|
| 260 |
|
|
|a [Banská Bystrica]
|b Úrad priemyselného vlastníctva SR
|c [2011]
|
| 300 |
|
|
|a 8 s.
|b obr.
|c 30 cm
|
| 650 |
0 |
7 |
|a veterné elektrárne
|2 SNKPH
|9 68054
|
| 650 |
0 |
7 |
|a Wind power plants
|2 SNKPHeng
|9 323082
|
| 655 |
|
7 |
|a patenty
|2 SNKPH
|9 177343
|
| 655 |
|
7 |
|a patent licenses
|2 SNKPHeng
|9 303430
|
| 710 |
2 |
|
|a Rott, Růžička & Guttmann (Bratislava, Slovensko)
|4 oth
|9 161299
|
| 852 |
|
|
|a Štátna vedecká knižnica v Banskej Bystrici
|
| 999 |
|
|
|c 1179233
|d 1181163
|
| 952 |
|
|
|a SNK
|b SNK
|y PREZ
|7 0
|p 17A1067600
|o snkSK 287724
|i snk2013/8791
|8 0
|0 0
|1 0
|4 0
|d 2013-04-18
|l 0
|r 2026-02-24 21:33:22
|w 2026-02-24
|